000 00417nam a22001697a 4500
003 NUST - PNEC
005 20170116181042.0
008 150923b xxu||||| |||| 00| 0 eng d
020 _a156884901X
040 _cLIBRARY
082 _a621.3819 MCC
100 _911633
_aMcClelland, Deke
245 _aCoreldraw for dummies
_cMcClelland Deke
260 _ac.1995
650 _911634
_aDummies
_xMIS
942 _2ddc
_cBK
999 _c68154
_d68154